Riconosci il Pokémon - Quiz n°19 - Statistics

Statistiche generali
  • Questo quiz è stato fatto 18 volte
  • Il punteggio medio è 7 su 10
Statistiche sulle risposte
Indizio Risposta % Corretto
Generazione Quinta
100%
Tipo Acqua / Terra
94%
Stadio evoluzione Prima evoluzione
83%
Altezza 0,8 m
72%
Abilità Nuotovelox; Idratazione; Assorbacqua
72%
Tasso di cattura 120 (24.9%)
67%
Peso 17,0 kg
67%
Sesso 50% ♂, 50% ♀
61%
Tasso di allevamento Medio-Lento
61%
Pokémon Palpitoad
61%
Nessun quiz corrispondente trovato
Distribuzione punteggi
Percentuale di utenti per punteggio
Percentile per numero di risposta
I tuoi punteggi nel tempo
Non hai fatto questo quiz